Гидротермально-метасоматическая модель формирования месторождений золота в черносланцевых толщах; Новые данные по геологическому строению и условиям формирования месторождений в Алтайском крае

書誌詳細
Parent link:Новые данные по геологическому строению и условиям формирования месторождений в Алтайском крае.— 1991.— С. 84-88
第一著者: Коробейников А. Ф. Александр Феопенович
その他の著者: Масленников В. В.
要約:В фонде НТБ ТПУ отсутствует
言語:ロシア語
出版事項: 1991
主題:
フォーマット: MixedMaterials 図書の章
KOHA link:https://koha.lib.tpu.ru/cgi-bin/koha/opac-detail.pl?biblionumber=595382

MARC

LEADER 00000naa0a2200000 4500
001 595382
005 20250221122837.0
035 |a (RuTPU)RU\TPU\tpu\16437 
090 |a 595382 
100 |a 20090814d1991 k y0rusy50 ca 
101 0 |a rus 
102 |a RU 
200 1 |a Гидротермально-метасоматическая модель формирования месторождений золота в черносланцевых толщах  |f А. Ф. Коробейников, В. В. Масленников 
333 |a В фонде НТБ ТПУ отсутствует 
463 |t Новые данные по геологическому строению и условиям формирования месторождений в Алтайском крае  |v С. 84-88  |d 1991 
610 1 |a труды учёных ТПУ 
700 1 |a Коробейников  |b А. Ф.  |c российский геолог, доктор геолого-минералогических наук  |c профессор Томского политехнического университета  |f 1934-  |g Александр Феопенович  |3 (RuTPU)RU\TPU\pers\12688  |4 070 
701 1 |a Масленников  |b В. В.  |4 070 
801 1 |a RU  |b 63413507  |c 20090814 
801 2 |a RU  |b 63413507  |c 20091211  |g RCR 
942 |c BK